000 00554nam a2200193 a 4500
001 9165
003 CO-ViMGA
008 141112s2004 ck r 000 u spa d
040 _aCO-ViMGA
_bspa
_cCO-ViMGA
082 0 4 _aR330 S939
100 1 _aSuarez Suarez ; Andres,
_99620
245 1 0 _aDiccionario de Economía y administración.
260 _aMadrid,
_cMc Graw Hill,
_c1992
300 _a372p.
500 _aContiene en las ultimas paginas un vocabulario en ingles.
650 1 4 _aDICCIONARIO
_99621
650 1 4 _aEconomía
_99622
942 _2ddc
_cBK
999 _c20706
_d20706